| 000 | 01045cab a2200289 4500 | ||
|---|---|---|---|
| 001 | ABS58289 | ||
| 008 | 090401t1998 xxu||||| |||| 00| 0 eng d | ||
| 035 | _a(Sirsi) u84407 | ||
| 041 | _aeng | ||
| 100 | _aBell, P. | ||
| 245 | _aHappy landings? | ||
| 260 | _c1998 | ||
| 350 | _a0 | ||
| 490 |
_aTown & Country Planning _vJanuary/February 1998, 33(1) |
||
| 520 | _aLooks at alternative uses for redundant airfields. Uses two former RAF bases in Warwickshire to illustrate the issues that can arise. Concludes that it is a neglected area of rural development policy and that questions related to the impact of airfield redevelopment on local labour markets, the local economy and the community still need to be addressed. | ||
| 650 | _aAIRFIELD | ||
| 650 | _aFORMER AIRFIELDS | ||
| 650 | _aLONG MARSTON | ||
| 650 | _aRAF BASES | ||
| 650 | _aRURAL AIRFIELDS | ||
| 650 | _aWELLESBOURNE AIRFIELD | ||
| 690 | _aPROPERTY-PROPERTY DEVELOPMENT | ||
| 700 | _aGallent, N. | ||
| 700 | _aHowe, J. | ||
| 942 | _n0 | ||
| 948 | _c23/02/1998 | ||
| 999 |
_c53045 _d53045 |
||